[Event "VI Weekend A"]
[Site "Recco ITA"]
[Date "2012.10.28"]
[Round "4"]
[White "Abd El Gawad, Shaban"]
[Black "Beccaris, Gabriele"]
[WhiteElo "2080"]
[BlackElo "2026"]
[Result "0-1"]
[PlyCount "70"]
[EventDate "2012.10.26"]

1. d4 Nf6 2. Bg5 Ne4 3. Bf4 c5 4. f3 Qa5+ 5. c3 Nf6 6. d5 Qb6 7. Bc1 d6 8. e4
g6 9. Na3 a6 10. Nc4 Qc7 11. a4 Bg7 12. Ne2 O-O 13. g4 Nfd7 14. Ng3 Nb6 15. Ne3
e5 16. h4 h6 17. a5 N6d7 18. c4 b5 19. b3 b4 20. Ra2 Kh7 21. Bd3 Kg8 22. Bd2
Kh7 23. Qc1 Rh8 24. h5 g5 25. Ngf5 Nf6 26. Qa1 Re8 27. Bc1 Ra7 28. Rg2 Qd8 29.
Bb2 Ng8 30. Kd2 f6 31. Kc2 Ne7 32. Nxg7 Kxg7 33. f4 gxf4 34. Nf5+ Nxf5 35. Bxe5
dxe5 0-1

[Event "VI Weekend A"]
[Site "Recco ITA"]
[Date "2012.10.28"]
[Round "4"]
[White "Almonti, Alessandro"]
[Black "Platino, Maurizio"]
[WhiteElo "1976"]
[BlackElo "1915"]
[Result "1-0"]
[PlyCount "79"]
[EventDate "2012.10.26"]

1. d4 Nf6 2. Nc3 d5 3. Bg5 e6 4. e4 dxe4 5. Nxe4 Nbd7 6. Nf3 Be7 7. Bxf6 gxf6
8. g3 f5 9. Ned2 c5 10. Bg2 cxd4 11. Nxd4 Nf6 12. N2b3 e5 13. Nb5 Qb6 14. Qe2
a6 15. Nc3 e4 16. O-O-O Be6 17. Nd4 O-O-O 18. Nxe6 Qxe6 19. a3 Rd6 20. Rxd6
Bxd6 21. Rd1 Be5 22. Qd2 Qb6 23. Na4 Qb5 24. Qg5 Qxa4 25. Qxf5+ Nd7 26. Bh3 f6
27. Qxd7+ Qxd7 28. Rxd7 Kb8 29. Bf5 Re8 30. Rxh7 Bd4 31. Rh4 e3 32. fxe3 Bxe3+
33. Kd1 Rd8+ 34. Bd3 Bg1 35. Ke2 Bd4 36. b3 Bc3 37. Rh7 Re8+ 38. Kf3 a5 39. a4
b6 40. g4 1-0

[Event "VI Weekend A"]
[Site "Recco ITA"]
[Date "2012.10.28"]
[Round "4"]
[White "Altieri, Danilo Mario"]
[Black "Cavatorta, Ivan"]
[WhiteElo "1996"]
[BlackElo "1840"]
[Result "1/2-1/2"]
[PlyCount "137"]
[EventDate "2012.10.26"]

1. c4 Nf6 2. g3 d5 3. Bg2 g6 4. cxd5 Nxd5 5. Nc3 Nxc3 6. bxc3 Bg7 7. Rb1 Nd7 8.
Ba3 O-O 9. Nf3 c6 10. O-O Nb6 11. Qc2 Nc4 12. Bc1 Qc7 13. d3 Nb6 14. c4 e5 15.
Qb3 Rb8 16. Ba3 c5 17. Ng5 Nd7 18. Ne4 b6 19. Qb5 Bb7 20. Nxc5 Bxg2 21. Qxd7
Qxd7 22. Nxd7 Bxf1 23. Bxf8 Rd8 24. Kxf1 Rxd7 25. Bxg7 Kxg7 26. Rb5 Kf6 27. Ke1
Ke6 28. Kd2 f5 29. Kc3 Rd6 30. e3 a6 31. Rb2 Rc6 32. d4 Rd6 33. c5 bxc5 34.
dxc5 Rd1 35. Rb6+ Kd7 36. Rxa6 Rc1+ 37. Kb4 Rc2 38. Kb5 Rb2+ 39. Kc4 Rxf2 40.
Kd5 f4 41. gxf4 exf4 42. exf4 Rxf4 43. Ra7+ Kd8 44. Rxh7 Ra4 45. Kd6 Rd4+ 46.
Kc6 Ra4 47. Kb6 Rxa2 48. c6 Rb2+ 49. Kc5 Rc2+ 50. Kd6 Rd2+ 51. Ke6 Re2+ 52. Kf6
Rg2 53. h4 Rg4 54. Ke5 Rg1 55. Rb7 Rh1 56. Kd6 Rd1+ 57. Kc5 Rc1+ 58. Kb6 Rb1+
59. Ka7 Rc1 60. Kb6 Rb1+ 61. Kc5 Rc1+ 62. Kd6 Rd1+ 63. Ke6 Rf1 64. Rg7 Rh1 65.
Rh7 Rf1 66. Rh6 Rf4 67. Ke5 Rc4 68. Kf6 Rxc6+ 69. Kg5 1/2-1/2

[Event "VI Weekend A"]
[Site "Recco ITA"]
[Date "2012.10.28"]
[Round "4"]
[White "Astengo, Marcello"]
[Black "Sbarra, Marco"]
[WhiteElo "2075"]
[BlackElo "2246"]
[Result "0-1"]
[PlyCount "58"]
[EventDate "2012.10.26"]

1. d4 Nf6 2. c4 e6 3. Nf3 d5 4. Bg5 Bb4+ 5. Nbd2 Nbd7 6. e3 h6 7. Bxf6 Qxf6 8.
Bd3 O-O 9. O-O Re8 10. Rc1 c6 11. Bb1 e5 12. cxd5 cxd5 13. dxe5 Nxe5 14. Qa4
Qe7 15. Nxe5 Bxd2 16. Qc2 Qxe5 17. Qxd2 Bd7 18. e4 Bc6 19. f4 Qh5 20. e5 Rad8
21. Qd3 g6 22. Qd4 Qe2 23. Rf2 Qb5 24. Qxa7 d4 25. Qc5 Qa6 26. Rd2 Rd5 27. Qc4
Qa5 28. b4 Qa3 29. Be4 Qe3+ 0-1

[Event "VI Weekend A"]
[Site "Recco ITA"]
[Date "2012.10.28"]
[Round "4"]
[White "Briata, Federico"]
[Black "Tripi, Nicolo'"]
[WhiteElo "1852"]
[BlackElo "1823"]
[Result "0-1"]
[PlyCount "68"]
[EventDate "2012.10.26"]

1. e4 e6 2. d4 d5 3. Nd2 dxe4 4. Nxe4 Bd7 5. c3 Bc6 6. Ng3 Nf6 7. Nf3 Nbd7 8.
Bd3 Bd6 9. O-O O-O 10. Re1 Nd5 11. Ne5 Nxe5 12. dxe5 Bc5 13. Qc2 f6 14. exf6
Nxf6 15. Be3 Qd5 16. Ne4 Bxe3 17. Nxf6+ Rxf6 18. Bxh7+ Kh8 19. fxe3 g6 20. Bxg6
Rg8 21. Be4 Qxe4 22. Qxe4 Bxe4 23. Re2 Rfg6 24. g3 e5 25. Rd1 Rf6 26. Rd7 Rgf8
27. Red2 Rf3 28. Rd1 c5 29. b3 b5 30. a3 c4 31. bxc4 bxc4 32. Rb1 R8f7 33. Rd2
Bd3 34. Rbb2 Bf1 0-1

[Event "VI Weekend A"]
[Site "Recco ITA"]
[Date "2012.10.28"]
[Round "4"]
[White "Codenotti, Marco"]
[Black "Topczewski, Damian"]
[WhiteElo "2334"]
[BlackElo "2200"]
[Result "1-0"]
[PlyCount "42"]
[EventDate "2012.10.26"]

1. e4 g6 2. d4 Bg7 3. Nf3 c6 4. Bd3 d5 5. Nbd2 Bg4 6. c3 e6 7. O-O Ne7 8. h3
Bxf3 9. Nxf3 O-O 10. Ng5 h6 11. h4 Nd7 12. Re1 dxe4 13. Bxe4 Bf6 14. Bc2 Nf5
15. Bxf5 exf5 16. Ne6 fxe6 17. Qb3 Qc7 18. a4 Rad8 19. Qc4 Qd6 20. Re5 Qd5 21.
Rxd5 cxd5 1-0

[Event "VI Weekend A"]
[Site "Recco ITA"]
[Date "2012.10.28"]
[Round "4"]
[White "Del Noce, Roberto"]
[Black "Ciccarelli, Marco"]
[WhiteElo "1867"]
[BlackElo "1843"]
[Result "1-0"]
[PlyCount "103"]
[EventDate "2012.10.26"]

1. e4 c5 2. Nf3 d6 3. d4 cxd4 4. Nxd4 Nf6 5. Nc3 a6 6. Bc4 e6 7. Bb3 Nc6 8. a3
Be7 9. Be3 O-O 10. g4 Qc7 11. Qe2 Na5 12. Ba2 b5 13. g5 Nd7 14. Bxe6 fxe6 15.
Nxe6 Qc4 16. Nxf8 Qxe2+ 17. Kxe2 Bxf8 18. Nd5 Bb7 19. Rad1 Rc8 20. c3 Nc4 21.
Bc1 Ndb6 22. Nxb6 Nxb6 23. f3 Re8 24. Kf2 d5 25. exd5 Bc6 26. Kg3 Bxd5 27. Rhe1
Bd6+ 28. f4 Rxe1 29. Rxe1 Kf7 30. Rd1 Ke6 31. Kg4 g6 32. Rd3 Nd7 33. Rh3 Nf8
34. Re3+ Kf7 35. Rd3 Ke6 36. Be3 Be4 37. Rd2 Bf5+ 38. Kf3 Nd7 39. b4 Ke7 40. h4
Ke6 41. Bd4 Nb8 42. Re2+ Kf7 43. Be5 Bxe5 44. fxe5 Nc6 45. Kf4 Ke6 46. Rd2 Ne7
47. Rd6+ Kf7 48. h5 Bc8 49. h6 Be6 50. Ke4 Nf5 51. Rxa6 Kf8 52. Rxe6 1-0

[Event "VI Weekend A"]
[Site "Recco ITA"]
[Date "2012.10.28"]
[Round "4"]
[White "Mirata, Danilo"]
[Black "Simoncini, Francesco"]
[WhiteElo "1901"]
[BlackElo "1961"]
[Result "0-1"]
[PlyCount "78"]
[EventDate "2012.10.26"]

1. d4 Nf6 2. c4 e6 3. Nc3 c5 4. d5 exd5 5. cxd5 d6 6. e4 g6 7. f4 Bg7 8. Bb5+
Nfd7 9. Nf3 O-O 10. O-O a6 11. Be2 b5 12. a3 Re8 13. Qc2 Nf6 14. Bd3 c4 15. Be2
Nbd7 16. Nd2 Nc5 17. Rb1 Nfxe4 18. Ndxe4 Bf5 19. Bf3 Qe7 20. Re1 Bxc3 21. Qxc3
Bxe4 22. Bxe4 Nxe4 23. Qd4 Qa7 24. Qxa7 Rxa7 25. Be3 Rae7 26. Bf2 Nd2 27. Rxe7
Rxe7 28. Re1 Rxe1+ 29. Bxe1 Ne4 30. Kf1 Kf8 31. Ke2 Nf6 32. Kf3 Ke8 33. Bh4
Nxd5 34. Ke4 Ne7 35. g4 f5+ 36. gxf5 gxf5+ 37. Kd4 Kd7 38. Be1 Ke6 39. a4 Nc6+
0-1

[Event "VI Weekend A"]
[Site "Recco ITA"]
[Date "2012.10.28"]
[Round "4"]
[White "Naumkin, Igor"]
[Black "Aghayev, Miragha"]
[WhiteElo "2480"]
[BlackElo "2244"]
[Result "1/2-1/2"]
[PlyCount "88"]
[EventDate "2012.10.26"]

1. d4 Nf6 2. Nf3 g6 3. c4 Bg7 4. Nc3 d5 5. cxd5 Nxd5 6. Bd2 Nb6 7. e3 O-O 8.
Be2 Nc6 9. O-O e5 10. Nxe5 Nxe5 11. dxe5 Bxe5 12. f4 Bg7 13. e4 Bd4+ 14. Kh1 f5
15. Qb3+ Rf7 16. Nb5 c6 17. Rad1 cxb5 18. Bc3 Qe7 19. Rxd4 fxe4 20. Bb4 Be6 21.
Qc2 Qc7 22. Qxe4 Bxa2 23. Bxb5 Rxf4 24. Bd6 Qf7 25. Be5 Qe7 26. Rc1 Rf7 27. Rc7
Rc8 28. Rxc8+ Nxc8 29. h3 Be6 30. Rd1 Bf5 31. Qf3 Nb6 32. Qb3 Be6 33. Qe3 Bd5
34. Kh2 Qe6 35. Be2 Qc6 36. Bc3 Qc7+ 37. Be5 Qc2 38. Rd2 Qe4 39. Qxe4 Bxe4 40.
Bb8 a6 41. Rd4 Re7 42. Be5 Bc6 43. Rd8+ Re8 44. Rd6 Kf7 1/2-1/2

[Event "VI Weekend A"]
[Site "Recco ITA"]
[Date "2012.10.28"]
[Round "4"]
[White "Saffioti, Cristian"]
[Black "Mortola, Alberto"]
[WhiteElo "1962"]
[BlackElo "1982"]
[Result "0-1"]
[PlyCount "39"]
[EventDate "2012.10.26"]

1. e4 e5 2. Nf3 Nf6 3. Nc3 Nc6 4. Bc4 Nxe4 5. Bd5 Nxc3 6. bxc3 d6 7. d4 Bg4 8.
Rb1 Na5 9. Qe2 c6 10. h3 Bd7 11. Bxf7+ Kxf7 12. dxe5 Kg8 13. e6 Bc8 14. O-O Be7
15. Nd4 d5 16. Bf4 b6 17. Nf5 Bf6 18. Ne7+ Qxe7 19. f3 Bg5 20. Rfe1 0-1

[Event "VI Weekend A"]
[Site "Recco ITA"]
[Date "2012.10.28"]
[Round "5"]
[White "Aghayev, Miragha"]
[Black "Codenotti, Marco"]
[WhiteElo "2244"]
[BlackElo "2334"]
[Result "0-1"]
[PlyCount "84"]
[EventDate "2012.10.26"]

1. e4 c5 2. c3 d5 3. exd5 Qxd5 4. d4 Nc6 5. Nf3 Bg4 6. Be2 cxd4 7. cxd4 e6 8.
O-O Qa5 9. h3 Bh5 10. Qb3 Qb4 11. Rd1 Nf6 12. Nc3 Rd8 13. Be3 Be7 14. Ne5 Bxe2
15. Nxc6 Bxd1 16. Qxb4 Bxb4 17. Nxd8 Kxd8 18. Rxd1 Bxc3 19. bxc3 Ke7 20. Bg5
Rc8 21. Rb1 b6 22. Rb3 h6 23. Bxf6+ Kxf6 24. Ra3 a5 25. Rb3 a4 26. Rb4 b5 27.
Rxb5 Rxc3 28. Rb2 Rd3 29. Rb4 Ra3 30. Rb2 Kf5 31. f3 Kf4 32. Kf2 Rd3 33. d5
exd5 34. Rb4+ d4 35. g3+ Ke5 36. Rxa4 Rd2+ 37. Kf1 Kd5 38. h4 g6 39. Ra7 d3 40.
a4 Ra2 41. Rd7+ Kc4 42. Rxf7 Ra1+ 0-1

[Event "VI Weekend A"]
[Site "Recco ITA"]
[Date "2012.10.28"]
[Round "5"]
[White "Beccaris, Gabriele"]
[Black "Almonti, Alessandro"]
[WhiteElo "2026"]
[BlackElo "1976"]
[Result "1/2-1/2"]
[PlyCount "22"]
[EventDate "2012.10.26"]

1. e4 d6 2. d4 Nf6 3. Nc3 e5 4. dxe5 dxe5 5. Qxd8+ Kxd8 6. Bc4 Ke8 7. Nf3 Bd6
8. Bg5 Nbd7 9. O-O-O a6 10. Rhe1 h6 11. Bxf6 Nxf6 1/2-1/2

[Event "VI Weekend A"]
[Site "Recco ITA"]
[Date "2012.10.28"]
[Round "5"]
[White "Cavatorta, Ivan"]
[Black "Abd El Gawad, Shaban"]
[WhiteElo "1840"]
[BlackElo "2080"]
[Result "0-1"]
[PlyCount "80"]
[EventDate "2012.10.26"]

1. e4 d5 2. Nc3 dxe4 3. Nxe4 Nd7 4. Bb5 c6 5. Qe2 e6 6. Bc4 Nb6 7. Bb3 Nf6 8.
Ng5 Be7 9. N1f3 O-O 10. d4 h6 11. h4 a5 12. c3 a4 13. Bc2 Nbd5 14. Qd3 b6 15.
Ne5 c5 16. Ngxf7 Rxf7 17. Qg6 Qe8 18. Bxh6 Bf8 19. c4 Ne7 20. Qg5 Nf5 21. Nxf7
Kxf7 22. Bxg7 Bxg7 23. h5 Bb7 24. h6 Bh8 25. O-O-O Qg8 26. Qf4 Qb8 27. Qg5 Be4
28. d5 Bxc2 29. dxe6+ Kf8 30. Kxc2 Qe5 31. e7+ Kf7 32. f4 Qe4+ 33. Kc3 Nd5+ 34.
Kd2 Qd4+ 35. Ke1 Qe3+ 36. Kf1 Ng3+ 37. Qxg3 Qxg3 38. Rh3 Ne3+ 39. Ke2 Qxg2+ 40.
Kxe3 Qxh3+ 0-1

[Event "VI Weekend A"]
[Site "Recco ITA"]
[Date "2012.10.28"]
[Round "5"]
[White "Platino, Maurizio"]
[Black "Del Noce, Roberto"]
[WhiteElo "1915"]
[BlackElo "1867"]
[Result "0-1"]
[PlyCount "46"]
[EventDate "2012.10.26"]

1. d4 Nf6 2. c4 c5 3. d5 b5 4. cxb5 a6 5. b6 Qxb6 6. Nc3 g6 7. e4 d6 8. Be2 Bg7
9. Nf3 O-O 10. Nd2 Bd7 11. Nc4 Qc7 12. O-O Bb5 13. Ne3 Bxe2 14. Qxe2 Nbd7 15.
Nc4 Ra7 16. Bg5 Nb6 17. Rab1 Nxc4 18. Qxc4 Rb8 19. a3 Nd7 20. Be3 Rab7 21. Qd3
Rxb2 22. Rxb2 Rxb2 23. Nd1 c4 0-1

[Event "VI Weekend A"]
[Site "Recco ITA"]
[Date "2012.10.28"]
[Round "5"]
[White "Saffioti, Cristian"]
[Black "Mirata, Danilo"]
[WhiteElo "1962"]
[BlackElo "1901"]
[Result "1/2-1/2"]
[PlyCount "20"]
[EventDate "2012.10.26"]

1. e4 e6 2. d4 d5 3. Nc3 Nf6 4. e5 Nfd7 5. Nf3 c5 6. Ne2 Nc6 7. c3 cxd4 8. cxd4
f6 9. Nf4 Qe7 10. Nd3 f5 1/2-1/2

[Event "VI Weekend A"]
[Site "Recco ITA"]
[Date "2012.10.28"]
[Round "5"]
[White "Sbarra, Marco"]
[Black "Lazic, Miroljub"]
[WhiteElo "2246"]
[BlackElo "2459"]
[Result "0-1"]
[PlyCount "80"]
[EventDate "2012.10.26"]

1. d4 d6 2. Nf3 Bg4 3. c4 c6 4. Nc3 Nd7 5. e4 e5 6. d5 c5 7. Be2 Be7 8. Ng1
Bxe2 9. Ngxe2 a6 10. O-O Bg5 11. Rb1 Bxc1 12. Nxc1 Ngf6 13. Nd3 O-O 14. b4 cxb4
15. Rxb4 Qc7 16. Qb3 Rfc8 17. Rc1 Rab8 18. f3 Nc5 19. Nxc5 Qxc5+ 20. Kf1 Qc7
21. Ne2 Nd7 22. Rb1 b6 23. Rc1 Kf8 24. Qa3 Ra8 25. Qe3 f6 26. Ke1 Qc5 27. Rb3
Ke7 28. Kf2 Ra7 29. Qxc5 Rxc5 30. Ra3 Rcc7 31. Ke3 Ra8 32. Kd2 Kd8 33. Rac3 Kc8
34. Ra3 Kb7 35. Rb3 Rac8 36. Rb4 Ka7 37. Ra4 g6 38. Rc3 f5 39. exf5 gxf5 40. f4
Nc5 0-1

[Event "VI Weekend A"]
[Site "Recco ITA"]
[Date "2012.10.28"]
[Round "5"]
[White "Simoncini, Francesco"]
[Black "Mortola, Alberto"]
[WhiteElo "1961"]
[BlackElo "1982"]
[Result "1/2-1/2"]
[PlyCount "135"]
[EventDate "2012.10.26"]

1. d4 f5 2. Nc3 Nf6 3. Bg5 e6 4. e4 fxe4 5. Nxe4 Be7 6. Bxf6 Bxf6 7. Qh5+ g6 8.
Qh6 Qe7 9. c3 Bg7 10. Qf4 d6 11. Nf3 Nc6 12. O-O-O Bd7 13. Qe3 O-O-O 14. Bd3
Kb8 15. h4 Qf8 16. Bc2 e5 17. d5 Ne7 18. Qe2 Bg4 19. Kb1 Bh6 20. a4 Qf4 21. a5
Rhf8 22. Ba4 Qxe4+ 23. Qxe4 Bf5 24. Bc2 Bxe4 25. Bxe4 Rf4 26. Rhe1 Rdf8 27. Kc2
Rg4 28. Kd3 Rgf4 29. Kc2 Kc8 30. Rd3 Ng8 31. g3 R8f7 32. Kb3 Nf6 33. Nh2 Nxe4
34. Rxe4 Rxf2 35. Ng4 Rd2 36. Rxd2 Bxd2 37. Kc2 h5 38. Kxd2 hxg4 39. Rxg4 Rf6
40. Ke3 Kd7 41. a6 bxa6 42. Ra4 Kc8 43. Rxa6 Kb7 44. Ra4 Kb6 45. Rc4 c5 46.
dxc6 Kc7 47. Ke4 Rf2 48. b4 a6 49. Ke3 Rf6 50. g4 Rf1 51. g5 Rf5 52. Rg4 Kxc6
53. Rg1 Rf4 54. h5 gxh5 55. g6 Rf8 56. g7 Rg8 57. Ke4 h4 58. Kf5 Kd5 59. Rg4 e4
60. Kf6 e3 61. Rxh4 e2 62. Rh1 Kc4 63. Kf7 Ra8 64. Re1 Kd3 65. g8=Q Rxg8 66.
Kxg8 d5 67. Kf7 Kd2 68. Rxe2+ 1/2-1/2

[Event "VI Weekend A"]
[Site "Recco ITA"]
[Date "2012.10.28"]
[Round "5"]
[White "Topczewski, Damian"]
[Black "Astengo, Marcello"]
[WhiteElo "2200"]
[BlackElo "2075"]
[Result "0-1"]
[PlyCount "90"]
[EventDate "2012.10.26"]

1. Nf3 d5 2. c4 e6 3. b3 Nf6 4. Bb2 Be7 5. e3 O-O 6. d4 c6 7. Bd3 Nbd7 8. O-O
b6 9. Nbd2 Bb7 10. Qe2 c5 11. Rac1 Ne4 12. Rfd1 f5 13. Ne5 cxd4 14. exd4 Bg5
15. Nef3 Bh6 16. Rc2 Ndf6 17. c5 Ng4 18. c6 Bc8 19. Rf1 Nexf2 20. Rxf2 Be3 21.
h3 Bxf2+ 22. Kh1 Bg3 23. Nf1 Nf2+ 24. Kg1 Nxd3 25. Qxd3 Bd6 26. N1d2 a5 27. Qe2
Qf6 28. Ne5 Ba6 29. Qe1 Bxe5 30. dxe5 Qh6 31. Bd4 g5 32. Bxb6 g4 33. Rc3 Kh8
34. Bxa5 Rg8 35. Kh1 d4 36. Rc5 gxh3 37. g3 f4 38. Ne4 Bd3 39. Nd6 Qg6 40. Bd2
fxg3 41. Bg5 Rxa2 42. Qxg3 Be4+ 43. Kg1 Ra1+ 44. Kf2 Rf8+ 45. Ke2 Qh5+ 0-1

[Event "VI Weekend A"]
[Site "Recco ITA"]
[Date "2012.10.28"]
[Round "5"]
[White "Tripi, Nicolo'"]
[Black "Altieri, Danilo Mario"]
[WhiteElo "1823"]
[BlackElo "1996"]
[Result "0-1"]
[PlyCount "84"]
[EventDate "2012.10.26"]

1. e4 d5 2. exd5 Nf6 3. d4 Nxd5 4. Nf3 g6 5. Nc3 Nxc3 6. bxc3 Bg7 7. Bd3 O-O 8.
O-O c5 9. Be3 Nc6 10. Be4 Qa5 11. Qd2 Rd8 12. Bh6 cxd4 13. Bxg7 Kxg7 14. Qf4
dxc3 15. Bxc6 bxc6 16. Ne5 Qd5 17. g4 Ba6 18. Rfe1 f6 19. Nxc6 e5 20. Nxe5 fxe5
21. Rxe5 Qf7 22. Qb4 Re8 23. Qxc3 Rac8 24. Qb2 Rxe5 25. Qxe5+ Qf6 26. Qxf6+
Kxf6 27. Rd1 Be2 28. Rd7 a6 29. Rd2 Bb5 30. a4 Bxa4 31. Rd6+ Kg5 32. Rxa6 Bxc2
33. Ra7 Kxg4 34. Rxh7 Be4 35. h3+ Kf3 36. Rf7+ Bf5 37. h4 Rh8 38. Ra7 Rxh4 39.
Ra3+ Kf4 40. Ra4+ Kg5 41. Rxh4 Kxh4 42. Kg2 Kg4 0-1